Parts of a Gram-Positive Bacterial Cell with a Map - Statistics

General Stats
  • This quiz has been taken 74 times
  • The average score is 9 of 21
Answers on the Map
Answers color-coded by a green-red scale on the quiz's map according to % correct below.
 
Answer Stats
Parts % Correct
Cell wall
84%
Cytoplasmic membrane
84%
Flagellum
82%
Ribosome
78%
Cytosol
76%
Nucleoid
62%
Pili/Fimbriae
62%
Capsule
56%
Plasmid
53%
Peptidoglycan
49%
Membrane protein
44%
Bacterial cytoskeleton
40%
Vesicle
36%
Z ring
31%
Inclusion body
18%
MreB
16%
Periplasm
16%
Lipoteichoic acid
13%
Mesosome
13%
S-layer
13%
Teichoic acid
13%
No matching quizzes found
Score Distribution
Percent of People with Each Score
Percentile by Number Answered
Your Score History
You have not taken this quiz